LIBRARY & INFORMATION CENTRE, KCAET, TAVANUR

ONLINE PUBLIC ACCESS CATALOGUE (OPAC)

General knowledge manual 2017 (Record no. 14816)

MARC details
000 -LEADER
fixed length control field 00307nam a2200121 4500
020 ## - INTERNATIONAL STANDARD BOOK NUMBER
ISBN 978933257520
082 ## - DEWEY DECIMAL CLASSIFICATION NUMBER
Classification number 028.702
100 ## - MAIN ENTRY--AUTHOR NAME
Personal name Thorpe Edgar
245 ## - TITLE STATEMENT
Title General knowledge manual 2017
260 ## - PUBLICATION, DISTRIBUTION, ETC. (IMPRINT)
Place of publication Noida
Name of publisher Pearson India private limited
Year of publication 2017
650 ## - SUBJECT ADDED ENTRY--TOPICAL TERM
Topical Term General Knowledge
942 ## - ADDED ENTRY ELEMENTS (KOHA)
Koha item type Books
Holdings
Withdrawn status Lost status Damaged status Collection code Home library Current library Shelving location Date acquired Cost, normal purchase price Full call number Accession Number Koha item type
        KAUAET KAUAET Reference 30/06/2017 599.00 028.702 THO/GE 25512 Books
free website counter